Love & sk8

Bibliographic Details
Main Author: Krulik, Nancy
Format: Book
Published: New York : Simon Pulse , 2004
Subjects:

MARC

LEADER 00000cam a2200000 7i4500
001 0000009584
005 20160330.0
008 071001
020 |a 0689870760 
090 0 0 |a KRU   |b ENG (7958) 
100 1 |a Krulik, Nancy 
245 1 0 |a Love & sk8   |c Nancy Krulik 
260 |a New York :   |b Simon Pulse ,   |c 2004 
500 |a Teenager ages 13-18 years old (blue) 
650 0 |a Love   |x Fiction 
650 0 |a Novel 
650 0 |a Teenagers   |x English   |x Languages 
999 |a 0000999196   |b Book   |c Teenagers   |e Perbadanan Perpustakaan Awam Johor 
999 |a 0000999197   |b Book   |c Teenagers   |e Perbadanan Perpustakaan Awam Johor